<?xml version="1.0" encoding="UTF-8"?>
<record
    xmlns:xsi="http://www.w3.org/2001/XMLSchema-instance"
    xsi:schemaLocation="http://www.loc.gov/MARC21/slim http://www.loc.gov/standards/marcxml/schema/MARC21slim.xsd"
    xmlns="http://www.loc.gov/MARC21/slim">

  <leader>00835nam a2200229 i 4500</leader>
  <controlfield tag="001">26650</controlfield>
  <controlfield tag="003">ES-MaACL</controlfield>
  <controlfield tag="005">20260227162729.0</controlfield>
  <controlfield tag="007">t|</controlfield>
  <controlfield tag="008">030110s1970    sp           ||||1| cat d</controlfield>
  <datafield tag="100" ind1="1" ind2=" ">
    <subfield code="a">Ar&#xFA;s, Joan.</subfield>
    <subfield code="9">152443</subfield>
  </datafield>
  <datafield tag="245" ind1="1" ind2="0">
    <subfield code="a">Tres poetes </subfield>
    <subfield code="b">: Maragall, Alcover, Guasch ; La poes&#xED;a postverdagueriana (de Maragall a Carner) / </subfield>
    <subfield code="c">Joan Ar&#xFA;s ; [am un proleg de Maurici Serrahima].</subfield>
  </datafield>
  <datafield tag="260" ind1=" " ind2=" ">
    <subfield code="a">[Barcelona : </subfield>
    <subfield code="b">P&#xE1;ortic, </subfield>
    <subfield code="c">1970]</subfield>
  </datafield>
  <datafield tag="300" ind1=" " ind2=" ">
    <subfield code="a">108 p. ; </subfield>
    <subfield code="c">18 cm.</subfield>
  </datafield>
  <datafield tag="600" ind1="1" ind2="4">
    <subfield code="a">Maragall, Joan,</subfield>
    <subfield code="d">1860-1911</subfield>
    <subfield code="9">152432</subfield>
  </datafield>
  <datafield tag="600" ind1="1" ind2="4">
    <subfield code="a">Guasch, Joan Maria (</subfield>
    <subfield code="d">1878-1961)</subfield>
    <subfield code="9">152444</subfield>
  </datafield>
  <datafield tag="600" ind1="1" ind2="7">
    <subfield code="a">Alcover, Joan, </subfield>
    <subfield code="d">1854-1926</subfield>
    <subfield code="2"></subfield>
    <subfield code="9">152445</subfield>
  </datafield>
  <datafield tag="700" ind1="1" ind2=" ">
    <subfield code="a">Serrahima, Maurici.</subfield>
    <subfield code="9">105674</subfield>
  </datafield>
  <datafield tag="740" ind1="3" ind2=" ">
    <subfield code="a">La poes&#xED;a postverdagueriana (de Maragall a Carner)</subfield>
  </datafield>
  <datafield tag="852" ind1=" " ind2=" ">
    <subfield code="a">ES-MaACL</subfield>
    <subfield code="j">C-50736 </subfield>
    <subfield code="b">R.76026</subfield>
  </datafield>
  <datafield tag="999" ind1=" " ind2=" ">
    <subfield code="c">26650</subfield>
    <subfield code="d">26650</subfield>
  </datafield>
  <datafield tag="952" ind1=" " ind2=" ">
    <subfield code="0">0</subfield>
    <subfield code="1">0</subfield>
    <subfield code="4">0</subfield>
    <subfield code="7">0</subfield>
    <subfield code="a">ATENEOM</subfield>
    <subfield code="b">ATENEOM</subfield>
    <subfield code="c">DEPO2</subfield>
    <subfield code="d">2008-01-17</subfield>
    <subfield code="e">SC</subfield>
    <subfield code="l">0</subfield>
    <subfield code="o">C-50736</subfield>
    <subfield code="p">1027502</subfield>
    <subfield code="r">2023-02-23 00:00:00</subfield>
    <subfield code="w">2023-02-23</subfield>
    <subfield code="y">MONOGRAFIA</subfield>
  </datafield>
</record>
